| 000 | 00429nam a22001697a 4500 | ||
|---|---|---|---|
| 003 | MPLRDC | ||
| 005 | 20220104125639.0 | ||
| 008 | 210129b ||||| |||| 00| 0 eng d | ||
| 082 | _a783.86 RSQ | ||
| 100 | _a饶师泉 | ||
| 245 |
_a饶师泉回忆录 _c |
||
| 250 | _a初版 | ||
| 260 |
_a马来西亚 _b万安隆药行有限公司 _c2002 |
||
| 300 | _b210 | ||
| 650 | _a各国传记--马来西亚 | ||
| 942 |
_cBK _o783.86 RSQ |
||
| 999 |
_c29028 _d29018 |
||